Statistics for Random Historical Figures by Picture

Click here to take the quiz!

General Stats

  • This quiz has been taken 2,836 times
  • The average score is 10 of 15

Answer Stats

Answer% Correct
Elvis Presley
100%
Abraham Lincoln
97%
Adolf Hitler
97%
Joseph Stalin
96%
Vincent Van Gogh
96%
Winston Churchill
96%
Martin Luther King Jr.
95%
Charlie Chaplin
94%
Mohandas Gandhi
93%
Queen Elizabeth I
92%
Queen Victoria
92%
Marilyn Monroe
90%
Rosa Parks
90%
Albert Einstein
89%
Muhammad Ali
89%
Nelson Mandela
89%
Benjamin Franklin
88%
Neil Armstrong
88%
Napoleon Bonaparte
87%
William Shakespeare
87%
Margaret Thatcher
86%
Wolfgang Amadeus Mozart
86%
Anne Frank
85%
George Washington
85%
Grigori Rasputin
85%
Wright Brothers
85%
Bruce Lee
83%
Dwight D. Eisenhower
83%
Julius Caesar
83%
Walt Disney
83%
Charles Darwin
81%
Che Guevara
81%
Karl Marx
81%
Marie Curie
81%
Genghis Khan
80%
Leonardo da Vinci
80%
Ludwig van Beethoven
80%
Marie Antoinette
80%
Franklin D. Roosevelt
79%
King Henry VIII
78%
Alfred Hitchcock
77%
Isaac Newton
77%
Kaiser Wilhelm II
77%
Pelé
77%
Vladimir Lenin
75%
Louis XIV
72%
Mother Teresa
71%
Nikola Tesla
71%
Salvador Dalí
71%
Edgar Allen Poe
70%
John Lennon
70%
Mikhail Gorbachev
70%
Bob Marley
69%
Mao Zedong
68%
Al Capone
67%
Amelia Earhart
67%
Fidel Castro
67%
Frida Kahlo
67%
Emperor Hirohito
66%
Jacqueline Kennedy Onassis
66%
Oscar Wilde
66%
Sigmund Freud
66%
Malcolm X
65%
Mark Twain
63%
Johann Sebastian Bach
62%
Benito Mussolini
61%
Vlad the Impaler
60%
Thomas Edison
59%
Kim Il-sung
57%
Louis Armstrong
57%
Pocahontas
57%
T. E. Lawrence
56%
Ulysses S. Grant
56%
Charles de Gaulle
55%
Ernest Hemingway
55%
James Dean
55%
Harry Truman
53%
Elizabeth Taylor
52%
Joan of Arc
52%
Saddam Hussein
52%
Woodrow Wilson
50%
Frederick Douglass
46%
Queen Mary
46%
Charles Dickens
45%
Charlemagne
44%
Horatio Nelson
43%
King Richard III
43%
Chuck Berry
42%
Jesse Owens
41%
Lucille Ball
41%
Oliver Cromwell
41%
Babe Ruth
39%
Rembrandt
39%
Audrey Hepburn
38%
Douglas MacArthur
38%
Jackie Robinson
38%
Buddy Holly
36%
Socrates
36%
Miles Davis
35%
Robert E. Lee
34%
Florence Nightingale
33%
Nikita Khrushchev
33%
Billy the Kid
32%
Eleanor Roosevelt
30%
Ho Chi Minh
28%
Geronimo
27%
Ayatolla Khomeini
25%
Andy Warhol
23%
Erwin Rommel
23%
Fred Astaire
23%
George Custer
22%
Pablo Picasso
19%
Katharine Hepburn
18%
Benjamin Disraeli
14%
Leo Tolstoy
14%
Josephine Baker
12%

Score Distribution

Percentile by Number Answered

Percent of People with Each Score

Your Score History

You have not taken this quiz